000 00327nam a2200145Ia 4500
003 OSt
005 20240304105022.0
008 170524s9999 xx 000 0 und d
020 _a978-8125000808
040 _cIIMT UNIVERSITY
100 _aR.K Bansal
245 0 _aSpoken English
260 _aOrient Longmen
942 _2ddc
_c01
999 _c3131
_d3131